| 000 | 01157 a2200217 4500 | ||
|---|---|---|---|
| 003 | Nust | ||
| 005 | 20221118101619.0 | ||
| 010 | _a 72013762 | ||
| 020 | _a0393093506 | ||
| 040 | _cNust | ||
| 082 | 0 | 0 | _a515,GIL |
| 100 | 1 |
_aGillman, Leonard. _9103018 |
|
| 245 | 1 | 0 |
_aCalculus / _cLeonard Gillman [and] Robert H. McDowell. |
| 250 | _a[1st ed.] | ||
| 260 |
_aNew York, _bNorton _c[1973] |
||
| 300 |
_a674 p. _billus. _c24 cm. |
||
| 505 | _a1. Numbers and functions (Page-1), 2. Limits and continuity (Page-58), 3. The derivative (Page-87), 4. Applications of the derivatives (Page-139), 5. The integral (Page-175), 6. Applications of the integral (Page-217), 7. Logarithm and exponential (Page-272), 8. The trignometric functions (Page-298), 9. Vectors in the plane (Page-346), 10. Polar coordinates (Page-404), 11. Space coordinates,vectors and curves (Page-427), 12. Functions of several variables (Page-467), 13. Partial derivatives (Page-483), 14. Multiple integrals (Page-535), 15. Infinite series (Page-586), 16. Differential equations (Page-643). | ||
| 650 | 0 | _aCalculus. | |
| 700 | 1 |
_aMcDowell, Robert H., _9103019 |
|
| 942 |
_2ddc _cBK _k515,GIL |
||
| 999 |
_c180016 _d180016 |
||